| 000 | 00384nam a22001577a 4500 | ||
|---|---|---|---|
| 003 | SGT | ||
| 020 | _a9788189798949 | ||
| 082 |
_a615.53 _bD23H |
||
| 100 | _aHEGDE, PRAKASH.L. | ||
| 245 | _a A TEXT BOOK OF DRAVYAGUNA VIJNANA | ||
| 260 |
_aNEW DELHI _bCHAUKHAMBHA PUB. _c2023 |
||
| 300 | _a548 | ||
| 650 | _aDRAVYAGUNA VIJNANA | ||
| 653 | _aDRAVYAGUNA, VIGYAN | ||
| 942 |
_2ddc _cBK _027 |
||
| 999 |
_c27477 _d27477 |
||